• 首页
  • 本馆介绍
  • 公告通知
  • 最新文献
  • 馆藏检索
  • 电子资源
  • 读者导购
  • 参考咨询
  • 我的图书馆
  • 登录
  • 详细信息显示
  • 放入我的书架
  • 预约/预借图书
  • 作者相关作品
  • 分类相关作品
  • 丛书相关作品
  • 出版社相关作品

书目信息

  • 表格格式
  • 工作单格式
  • 卡片格式
题名:
工程制图习题集
    
 
作者: 周鹏翔 , 刘振魁 主编
分册:  
出版信息: 北京   高等教育出版社  2000.07
页数: 103页
开本: 8开
丛书名:
单 册:
中图分类: TB23-44
科图分类:
主题词: 工程制图
电子资源:
ISBN: 7-04-008010-9
000 00697nam0 2200241 45
001 0304100909
005 20030410092617.3
010    @a7-04-008010-9@d14.00元
100    @a20030410d2000 km y0chiy0120 ea
101 0  @achi
105    @a z 000yy
200 1  @a工程制图习题集@AGong Cheng Zhi Tu Xi Ti Ji@f周鹏翔,刘振魁主编@FZhou Peng Xiang,Liu Zhen Kui Zhu Bian
205    @a2版
210    @a北京@c高等教育出版社@d2000.07
215    @a103页@d8开
300    @a非机械类专业适用
300    @a教育部高职高专推荐教材
606 0  @a工程制图
690    @aTB23-44@v3
701  0 @a周鹏翔@4主编
701  0 @a刘振魁@4主编
801    @aCN@bPftUser@c20030410
905    @aBZT@b346568-570@dTB23-44@e1@f3
    
    工程制图习题集/周鹏翔,刘振魁主编.-2版.-北京:高等教育出版社,2000.07
    103页;8开
    非机械类专业适用.-教育部高职高专推荐教材
    
    ISBN 7-04-008010-9:14.00元
    
●
相关链接 在五车中查询图书 在当当中查询图书 在豆瓣中查询图书


正题名:工程制图习题集     索取号:TB23-44/1         预约/预借

序号 登录号 条形码 馆藏地/架位号 状态 备注
1 346568   201356549   样本书库/样003架A面1层1列/ [索取号:TB23-44/1] 在馆    
2 346569   201356558   中心书库中库/ 中库030架B面2列2层46/ [索取号:TB23-44/1] 在馆    
3 346570   201356521   中心书库中库/ 中库030架B面2列2层47/ [索取号:TB23-44/1] 在馆    
山东省滨州职业学院图书馆 欢迎您!
大连网信软件有限公司© 版权所有